[Event "Izmailov Memorial op 12th"]
[Site "Tomsk"]
[Date "2008.07.03"]
[Round "9"]
[White "Karpov, Viktor"]
[Black "Keosidi, Konstantin"]
[Result "0-1"]
[WhiteElo "2160"]
[BlackElo "2381"]
[PlyCount "92"]
[EventDate "2008.06.25"]
[EventType "swiss"]
[EventRounds "9"]
[EventCountry "RUS"]
[SourceTitle "CBM 125 Extra"]
[Source "ChessBase"]
[SourceDate "2008.09.01"]
[SourceVersion "1"]
[SourceVersionDate "2008.09.01"]
[SourceQuality "1"]

1. e4 e5 2. Nf3 Nf6 3. Nxe5 d6 4. Nf3 Nxe4 5. Qe2 Qe7 6. d3 Nf6 7. Qxe7+ Bxe7 8. Nc3 c6 9. Bd2 Na6 10. 0-0-0 Nc7 11. Ne4 Be6 12. Bc3 Ncd5 13. Nxf6+ Bxf6 14. Bxf6 Nxf6 15. Nd4 0-0-0 16. Nxe6 fxe6 17. f3 e5 18. g3 Rdf8 19. Bg2 g5 20. Rhe1 Re8 21. Rd2 h5 22. Rde2 Kd8 23. c3 h4 24. d4 exd4 25. Rxe8+ Nxe8 26. cxd4 hxg3 27. hxg3 Rh2 28. Re2 d5 29. Kd2 Nd6 30. g4 Kd7 31. Ke3 Nb5 32. a4 Nc7 33. f4 gxf4+ 34. Kxf4 Ne6+ 35. Ke5 Rh7 36. Rf2 Re7 37. Kf6 Re8 38. Kg6 Rg8+ 39. Kh5 Ke7 40. Re2 Rf8 41. Kh6 Rf4 42. Bh3 Rf3 43. Rh2 Nf4 44. g5 Rxh3+ 45. Rxh3 Nxh3 46. g6 Kf8 0-1

[Event "Tomsk Tusur op"]
[Site "Tomsk"]
[Date "2007.02.18"]
[Round "9"]
[White "Karpov, Viktor"]
[Black "Usoltsev, Dmitry"]
[Result "1-0"]
[WhiteElo "2154"]
[BlackElo "2187"]
[PlyCount "79"]
[EventDate "2007.02.10"]
[EventType "swiss"]
[EventRounds "9"]
[EventCountry "RUS"]
[SourceTitle "EXT 2019"]
[Source "ChessBase"]
[SourceDate "2018.10.10"]
[SourceVersion "1"]
[SourceVersionDate "2018.10.10"]
[SourceQuality "1"]

1. e4 c5 2. Nf3 Nc6 3. Bb5 e6 4. 0-0 Nge7 5. c3 a6 6. Ba4 b5 7. Bc2 Bb7 8. d4 Ng6 9. d5 Nce5 10. Nxe5 Nxe5 11. f4 Nc4 12. b3 Nb6 13. d6 Nc8 14. e5 Qb6 15. Qe2 Na7 16. Be3 f5 17. b4 Qc6 18. Bxc5 Nc8 19. Nd2 Nb6 20. Nb3 Nc4 21. Rf3 g5 22. fxg5 h6 23. Nd4 Qd5 24. Rh3 0-0-0 25. Nf3 Bg7 26. Rd1 Qc6 27. Nd4 Qd5 28. Nxf5 Qxe5 29. Qxe5 Bxe5 30. Nxh6 Rdf8 31. Bd4 Bd5 32. Bxe5 Nxe5 33. Re1 Nf7 34. Nxf7 Rxh3 35. gxh3 Rxf7 36. g6 Rg7 37. Rf1 e5 38. h4 e4 39. h5 Kb7 40. Rf6 1-0

[Event "Tomsk Tusur op"]
[Site "Tomsk"]
[Date "2007.02.15"]
[Round "6"]
[White "Barlakov, Arsalan"]
[Black "Karpov, Viktor"]
[Result "1-0"]
[WhiteElo "2184"]
[BlackElo "2154"]
[PlyCount "87"]
[EventDate "2007.02.10"]
[EventType "swiss"]
[EventRounds "9"]
[EventCountry "RUS"]
[SourceTitle "EXT 2019"]
[Source "ChessBase"]
[SourceDate "2018.10.10"]
[SourceVersion "1"]
[SourceVersionDate "2018.10.10"]
[SourceQuality "1"]

1. e4 c5 2. Nc3 Nc6 3. g3 d6 4. Bg2 Nd4 5. Nce2 e5 6. Nxd4 cxd4 7. c3 dxc3 8. dxc3 Nf6 9. Ne2 Be7 10. 0-0 Be6 11. Qd3 0-0 12. Rd1 Rc8 13. b3 Qa5 14. c4 Nd7 15. Bd2 Qa3 16. Nc3 Nc5 17. Qc2 Qa6 18. a4 Qc6 19. a5 a6 20. Nd5 Bxd5 21. exd5 Qc7 22. Bh3 Rb8 23. b4 Nd7 24. Be3 g6 25. Rac1 f5 26. c5 dxc5 27. d6 Bxd6 28. Qd3 Nf6 29. Qxd6 Qxd6 30. Rxd6 cxb4 31. Bf1 Rbd8 32. Rxd8 Rxd8 33. Bg5 Rd6 34. Rc8+ Kf7 35. Bc4+ Kg7 36. Rc7+ Nd7 37. Rxb7 f4 38. Bxa6 Rxa6 39. Rxd7+ Kg8 40. Bd8 f3 41. Bb6 Ra8 42. Rd5 b3 43. Rb5 Rc8 44. h4 1-0

[Event "Tomsk Tusur op"]
[Site "Tomsk"]
[Date "2007.02.14"]
[Round "5"]
[White "Karpov, Viktor"]
[Black "Zinovjev, Ilya"]
[Result "1/2-1/2"]
[WhiteElo "2154"]
[BlackElo "2115"]
[PlyCount "56"]
[EventDate "2007.02.10"]
[EventType "swiss"]
[EventRounds "9"]
[EventCountry "RUS"]
[SourceTitle "EXT 2019"]
[Source "ChessBase"]
[SourceDate "2018.10.10"]
[SourceVersion "1"]
[SourceVersionDate "2018.10.10"]
[SourceQuality "1"]

1. e4 g6 2. d4 d6 3. Nc3 Bg7 4. Be3 Nf6 5. f3 0-0 6. Qd2 a6 7. Bh6 c5 8. d5 b5 9. h4 e6 10. dxe6 Bxe6 11. Bxg7 Kxg7 12. g4 Nc6 13. Nce2 d5 14. Qc3 Qa5 15. g5 Qxc3+ 16. Nxc3 Nh5 17. exd5 Nb4 18. 0-0-0 Ng3 19. Rh2 Nxf1 20. Rxf1 Nxd5 21. Nxd5 Bxd5 22. Rd2 Bc4 23. Rfd1 Rfe8 24. b3 Be6 25. Ne2 a5 26. Nc3 Reb8 27. Ne4 Rc8 28. Nd6 Rcb8 1/2-1/2

[Event "RUS-Cup01"]
[Site "Tomsk"]
[Date "2003.07.12"]
[Round "9"]
[White "Karpov, Viktor"]
[Black "Kolotilin, Yuri"]
[Result "0-1"]
[WhiteElo "2169"]
[BlackElo "2317"]
[PlyCount "62"]
[EventDate "2003.07.04"]
[EventType "swiss"]
[EventRounds "9"]
[EventCountry "RUS"]
[SourceTitle "CBM 095 Extra"]
[Source "ChessBase"]
[SourceDate "2003.09.04"]
[SourceVersion "1"]
[SourceVersionDate "2003.09.04"]
[SourceQuality "1"]

1. e4 c5 2. Nf3 Nc6 3. d4 cxd4 4. Nxd4 e5 5. Nb5 d6 6. c4 Be6 7. Be3 Be7 8. N5c3 Nf6 9. Be2 0-0 10. 0-0 Rc8 11. b3 g6 12. a3 Ne8 13. Nd5 Bg5 14. Nbc3 f5 15. f4 Bh6 16. Qd2 Bg7 17. fxe5 dxe5 18. Bg5 Nf6 19. Bd3 Nd4 20. Rab1 Qd7 21. Bxf6 Bxf6 22. Nxf6+ Rxf6 23. Nd5 Rf7 24. g3 Rcf8 25. Qe3 f4 26. gxf4 Bxd5 27. exd5 Rxf4 28. Be4 Qg4+ 29. Bg2 Qg5 30. Rxf4 Rxf4 31. Qh3 Rg4 0-1

[Event "RUS-Cup01"]
[Site "Tomsk"]
[Date "2003.07.06"]
[Round "3"]
[White "Karpov, Viktor"]
[Black "Gajsin, Evgenij"]
[Result "0-1"]
[WhiteElo "2169"]
[BlackElo "2389"]
[PlyCount "74"]
[EventDate "2003.07.04"]
[EventType "swiss"]
[EventRounds "9"]
[EventCountry "RUS"]
[SourceTitle "CBM 095 Extra"]
[Source "ChessBase"]
[SourceDate "2003.09.04"]
[SourceVersion "1"]
[SourceVersionDate "2003.09.04"]
[SourceQuality "1"]

1. e4 c5 2. Nf3 d6 3. d4 cxd4 4. Nxd4 Nf6 5. Nc3 a6 6. Bg5 e6 7. f4 Qb6 8. Nb3 Nbd7 9. Qd2 Be7 10. Be2 0-0 11. 0-0-0 Qc7 12. Bf3 Rb8 13. g4 b5 14. Bxf6 Nxf6 15. g5 Nd7 16. h4 b4 17. Ne2 a5 18. Kb1 a4 19. Nbd4 Nc5 20. Ng3 Ba6 21. f5 d5 22. f6 Bd6 23. fxg7 Rfd8 24. Nh5 dxe4 25. Nf6+ Kxg7 26. Bxe4 Nxe4 27. Nxe4 Be5 28. Qf2 Qb6 29. Nc5 Rxd4 30. Rxd4 Qxc5 31. Rf4 Qxf2 32. Rxf2 Rd8 33. h5 a3 34. b3 Bg3 35. Rf6 h6 36. Rxh6 Bb7 37. Rg1 Bf2 0-1

[Event "Sibiria Region-ch"]
[Site "Novosibirsk"]
[Date "2003.??.??"]
[Round "1"]
[White "Maletin, Pavel"]
[Black "Karpov, Viktor"]
[Result "1-0"]
[WhiteElo "2457"]
[BlackElo "2240"]
[PlyCount "61"]
[EventDate "2003.05.??"]
[EventType "swiss"]
[EventRounds "9"]
[EventCountry "RUS"]
[SourceTitle "EXT 2008"]
[Source "ChessBase"]
[SourceDate "2007.11.25"]
[SourceVersion "1"]
[SourceVersionDate "2007.11.25"]
[SourceQuality "1"]

1. Nf3 d5 2. g3 Nf6 3. Bg2 e6 4. 0-0 c5 5. d4 cxd4 6. Nxd4 e5 7. Nb3 Be7 8. c4 d4 9. e3 dxe3 10. Qxd8+ Bxd8 11. Bxe3 0-0 12. Nc3 Nc6 13. Rfd1 Bg4 14. Rd2 Rc8 15. Nb5 Be7 16. c5 Be6 17. Rad1 Ng4 18. Nd6 Bxd6 19. cxd6 Nxe3 20. fxe3 Bxb3 21. axb3 Rfd8 22. Rd5 g6 23. b4 a6 24. Bh3 f5 25. g4 f4 26. exf4 exf4 27. g5 Ra8 28. b5 axb5 29. Rxb5 Ra4 30. Rxb7 Ra5 31. Bg2 1-0

[Event "Capital of Sibiria op"]
[Site "Novosibirsk"]
[Date "2002.07.23"]
[Round "5"]
[White "Karpov, Viktor"]
[Black "Pakhomova, Ekaterina"]
[Result "1-0"]
[WhiteElo "2175"]
[BlackElo "2026"]
[PlyCount "81"]
[EventDate "2002.07.19"]
[EventType "swiss"]
[EventRounds "9"]
[EventCountry "RUS"]
[SourceTitle "CBM 089 Extra"]
[Source "ChessBase"]
[SourceDate "2002.09.10"]
[SourceVersion "2"]
[SourceVersionDate "2002.09.10"]
[SourceQuality "1"]

1. e4 c5 2. Nf3 d6 3. d4 Nf6 4. Nc3 cxd4 5. Nxd4 Nc6 6. f3 e5 7. Nb3 Be7 8. Be3 Be6 9. Qd2 a5 10. Nd5 Bxd5 11. exd5 Nb4 12. Bb5+ Kf8 13. c4 b6 14. 0-0 h6 15. Rfd1 Na6 16. f4 Ng4 17. fxe5 Nxe5 18. Nd4 Bg5 19. Rf1 Nc5 20. Nc6 Nxc6 21. dxc6 Ra7 22. Rad1 Ne4 23. Qd3 Re7 24. Bf4 Re6 25. Qd5 Ke7 26. Bxg5+ Nxg5 27. Rde1 Qc7 28. h4 Rxe1 29. Rxe1+ Ne6 30. a3 Ra8 31. b4 Kf8 32. Rd1 Ke7 33. Rf1 axb4 34. axb4 Ra3 35. Qf5 Ke8 36. Qh7 Ke7 37. Qg8 Nd8 38. Qxg7 d5 39. Re1+ Ne6 40. cxd5 Rg3 41. Rxe6+ 1-0

[Event "RUS-chT Sibirian Zone"]
[Site "Omsk"]
[Date "2001.10.08"]
[Round "4"]
[White "Arkhipov, Sergey"]
[Black "Karpov, Viktor"]
[Result "0-1"]
[WhiteElo "2499"]
[BlackElo "2181"]
[PlyCount "94"]
[EventDate "2001.10.05"]
[EventType "team-tourn"]
[EventRounds "9"]
[EventCountry "RUS"]
[SourceTitle "EXT 2002"]
[Source "ChessBase"]
[SourceDate "2001.11.25"]
[SourceVersion "1"]
[SourceVersionDate "2001.11.25"]
[SourceQuality "1"]

1. d4 Nf6 2. c4 e6 3. Nc3 Bb4 4. e3 c5 5. Nf3 0-0 6. Bd3 Nc6 7. 0-0 d6 8. Qc2 Bxc3 9. bxc3 e5 10. d5 Ne7 11. Nh4 Re8 12. e4 Nh5 13. g3 Bh3 14. Re1 g6 15. Bh6 f6 16. Qe2 Qd7 17. Bd2 Ng7 18. f4 exf4 19. gxf4 Nef5 20. Ng2 h5 21. Qf2 Nh6 22. Qg3 Qg4 23. Re3 Bxg2 24. Kxg2 f5 25. e5 h4 26. Qxg4 Nxg4 27. Ree1 h3+ 28. Kg1 dxe5 29. Bf1 Nh5 30. Bxh3 exf4 31. Bg2 Ne5 32. Rf1 g5 33. d6 Rad8 34. Bd5+ Kg7 35. h4 Rxd6 36. Rad1 b5 37. hxg5 bxc4 38. Bg2 Ng6 39. Bc1 Red8 40. Rde1 Rd3 41. Re6 Ng3 42. Rxf4 Rd1+ 43. Kh2 Rxc1 44. Kxg3 Nxf4 45. Kxf4 Rd2 46. Bf3 Rxc3 47. Ra6 Rd4+ 0-1

[Event "RUS-ch54 sf Sibiria"]
[Site "Novosibirsk"]
[Date "2001.04.??"]
[Round "9"]
[White "Karpov, Viktor"]
[Black "Itkin, Dmitry"]
[Result "0-1"]
[WhiteElo "2210"]
[BlackElo "2244"]
[PlyCount "60"]
[EventDate "2001.04.19"]
[EventType "swiss"]
[EventRounds "9"]
[EventCountry "RUS"]
[SourceTitle "CBM 082 Extra"]
[Source "ChessBase"]
[SourceDate "2001.07.03"]
[SourceVersion "1"]
[SourceVersionDate "2001.07.03"]
[SourceQuality "1"]

1. e4 c5 2. Nf3 d6 3. d4 cxd4 4. Nxd4 Nf6 5. Nc3 a6 6. Bg5 e6 7. f4 Qb6 8. Nb3 Qc7 9. Qd2 b5 10. a3 Nc6 11. Be2 Be7 12. 0-0 0-0 13. Rad1 Rd8 14. Qe3 h6 15. Bxf6 Bxf6 16. Bf3 Bb7 17. Rf2 Rac8 18. g4 Ne7 19. Rd3 Ng6 20. g5 hxg5 21. fxg5 Be5 22. Bh5 Qe7 23. Bxg6 fxg6 24. Nd4 Rf8 25. h4 Rxf2 26. Kxf2 Rf8+ 27. Ke1 Qf7 28. Nce2 Qf1+ 29. Kd2 Rf2 30. Nxe6 Bc8 0-1